Fundamentals of computer graphics /
Guardado en:
| Autor Principal: | |
|---|---|
| Formato: | Libro |
| Idioma: | English |
| Publicado: |
Natick :
AK Peters,
c2002.
|
| Materias: | |
| Etiquetas: |
Agregar Etiqueta
Sin Etiquetas, Sea el primero en etiquetar este registro!
|
| LEADER | 00642cam a22002054a 4500 | ||
|---|---|---|---|
| 001 | DCC.dcic000856 | ||
| 008 | 020422s2002####maua#####b####001#0#eng## | ||
| 005 | 20151125103357.0 | ||
| 245 | 1 | 0 | |a Fundamentals of computer graphics / |c Peter Shirley. |
| 260 | |a Natick : |b AK Peters, |c c2002. | ||
| 300 | |a xiii, 378 p. : |b il. (algunas col.) ; |c 25 cm. | ||
| 504 | |a Incluye referencias bibliográficas e índice. | ||
| 020 | |a 1568811241 | ||
| 100 | 1 | |a Shirley, P. |q (Peter), |d 1963- | |
| 082 | 0 | 0 | |a 006.6 |2 21 |
| 650 | 0 | |a Computer graphics. | |
| 010 | |a 2002070370 | ||
| 040 | |a DLC |c DLC |d DLC | ||
| 050 | 0 | 0 | |a T385 |b .S434 2002 |
| 859 | |a DCIC |b BIB. COMPUTACION |p 1212 | ||
